000 00365 a2200169 4500
001 184204
020 _a85-322-1228-X
040 _cMagnum
100 _aForjaz, Sonia Salerno
240 1 0 _aUm gosto de quero mais
_lpor
245 1 0 _aUm gosto de quero mais
300 _a139
362 0 _a1998
440 1 _aFTD
697 _aLITERATURA JUVENIL
942 _cBK
999 _c184204
_d184204